000 00435nam a22001697a 4500
003 UA-OsUOA
001 5348
007 ta
008 20050721b un ||||| |||| 00| 0 ukr d
100 _aГайдай
700 _aО. В.
942 _cBK
040 _aUA-OsUOA
_cUA-OsUOA
_dUA-OsUOA
245 _aОсобливості функціонув. висловлюв. вираження влас.
_bSA Paper
955 _a2
650 7 _2UDC
999 _c291510
_d291510